LEADER 01546nam--2200457---450- 001 990001271410203316 005 20081217131413.0 010 $a88-7303-742-9 035 $a000127141 035 $aUSA01000127141 035 $a(ALEPH)000127141USA01 035 $a000127141 100 $a20031121d2002----km-y0enga50------ba 101 0 $aita 102 $aIT 105 $ay|||z|||001yy 200 1 $aDirect & database marketing$fAlan Tapp$gedizione italiana a cura di Cristina Ziliani$g[traduzione di Simone Perasso] 210 $aMilano$cApogeo$d2002 215 $aXXVI, 389 p.$d24 cm 225 2 $aPercorsi aziendali 410 0$12001$aPercorsi aziendali 454 1$12001$aPrinciples of direct and database marketing$915803 606 0 $aInternet$xImpiego nelle aziende 676 $a658.054678 700 1$aTAPP,$bAlan$0557047 702 1$aZILIANI ,$bCristina 801 0$aIT$bSalbc$cISBD 912 $a990001271410203316 951 $a658.054 TAP 1 (IRA 15 162)$b11746 E.C.$cIRA 15$d00088122 951 $aIRA 15 162$b14606 E.C.$cIRA 15$d00129541 959 $aBK 969 $aECO 979 $aMARIA$b10$c20031121$lUSA01$h0933 979 $aALESSANDRA$b90$c20031127$lUSA01$h1001 979 $aALESSANDRA$b90$c20031202$lUSA01$h1154 979 $aPATRY$b90$c20040406$lUSA01$h1730 979 $aCAPORASO$b90$c20070330$lUSA01$h1133 979 $aCAPORASO$b90$c20070330$lUSA01$h1135 979 $aRSIAV1$b90$c20081217$lUSA01$h1314 996 $aPrinciples of Direct and Database Marketing$915803 997 $aUNISA LEADER 01250nam 2200421 450 001 9910797505303321 005 20200520144314.0 010 $a2-84450-742-5 035 $a(CKB)3710000000480489 035 $a(MiAaPQ)EBC4412914 035 $a(Au-PeEL)EBL4412914 035 $a(CaPaEBR)ebr11293059 035 $a(OCoLC)962155792 035 $a(PPN)18727651X 035 $a(EXLCZ)993710000000480489 100 $a20161108h20042004 uy 0 101 0 $afre 135 $aurcnu|||||||| 181 $2rdacontent 182 $2rdamedia 183 $2rdacarrier 200 13$aLa Guadeloupe an tan Sorin (1940-1943) $eVichy en Guadeloupe /$fEliane Sempaire 210 1$aMatoury, Guyane :$cIbis Rouge Editions,$d2004. 210 4$dİ2004 215 $a1 online resource (204 pages) $cillustrations, photographs 225 1 $aCollection Espace outre-mer 311 $a2-84450-242-3 410 0$aCollection Espace outre-mer. 607 $aGuadeloupe$xHistory$y19th century 676 $a972.976 700 $aSempaire$b Eliane$01509060 801 0$bMiAaPQ 801 1$bMiAaPQ 801 2$bMiAaPQ 906 $aBOOK 912 $a9910797505303321 996 $aLa Guadeloupe an tan Sorin (1940-1943)$93740627 997 $aUNINA